000 01231nam a22003377a 4500
001 7753
003 FISKH
005 20250805082957.0
008 250805b cb ||||| |||| 00| 0 eng d
020 _a055323661x
040 _aRCL
_cRCL
_dOCL
_dJYJ
_dBGU
_dBTCTA
_dDLC
_beng
050 _a PZ7.M7684
082 _a 813
100 1 _aMontgomery, R. A.
_d(1936–2014)
245 1 0 _aPrisoner of the ant people /
_cBy R.A. Montgomery ; illustrated by Ralph Reese.
250 _aThis edition first published in 1983
260 _aNew York :
_bBantam Books,
_c1983.
300 _a115 pages :
_billustrations ;
_c18 cm
440 0 _aChoose your own adventure ;
_v25
490 0 _aA Bantam Book
490 0 _aBantam Books YA fiction
505 _aP
520 _aYour mission with the Zondo Quest Group is to combat the Evil Power Master who has reportedly allied with the Ant People. Are your missing group members playing a prank or have the Ant People taken them prisoner?.
521 8 _a650
_bLexile
521 8 _aP
_bRaz-Plus
650 0 _aHuman-alien encounters
_vJuvenile fiction.
650 0 _aLiterary recreations.
_2Fantasy.
700 1 _aReese, Ralph
_dillustrator
942 _2ddc
_cBK
_n0
999 _c7753
_d7753